=LDR 00000nam 2200000 4500 =001 INLIS000000000042758 =005 20131008015551 =008 ***********************************Ind** =035 ##$$0010-101300000000680 =041 ##$$a Ind =082 ##$$a 616.31 =090 ##$$a 616.31, Rob l =100 ##$$a Robert P.Langlais =245 ##$$a Latihan membaca foto rongga mulut, Robert P.Langlais; Myron J.Kasle; alih bahasa, Agus Djaya =260 ##$$a 1996 $b Jakarta =300 ##$$a x, 269 hlm., ilus, 26 cm =650 ##$$a Mulut - Radiografi =700 ##$$a Agus Jaya =850 ##$$a NBPNMAT